• 首页
  • 本馆介绍
  • 公告通知
  • 最新文献
  • 馆藏检索
  • 电子资源
  • 读者导购
  • 参考咨询
  • 我的图书馆
  • 登录
  • 详细信息显示
  • 放入我的书架
  • 预约/预借图书
  • 作者相关作品
  • 分类相关作品
  • 丛书相关作品
  • 出版社相关作品

书目信息

  • 表格格式
  • 工作单格式
  • 卡片格式
题名:
情注唐山
    
 
作者: 庄连顺 主编
分册:  
出版信息: 北京   光明日报出版社  1996.09
页数: 60页
开本: 26cm
丛书名:
单 册:
中图分类: D619.223
科图分类:
主题词: 社会主义革命--成就--中国--唐山 , 社会主义建设--成就--中国--唐山
电子资源:
ISBN: 7-80091-909-9
000 00824nam0 2200229 45
001 0404221067
005 20050616171036.8
010    @a7-80091-909-9@dCNY48.00
100    @a20040422d1996 km y0chiy0120 ea
101 0  @achi
105    @a z 000yy
200 1  @a情注唐山@AQing Zhu Tang Shan@e江泽民、李鹏关怀唐山人民@EJiang Ze Min、Li Peng Guan Huai Tang Shan Ren Min@f庄连顺等主编@FZhuang Lian Shun Deng Zhu Bian
210    @a北京@c光明日报出版社@d1996.09
215    @a60页@c画册@d26cm
300    @a纪念唐山抗震20周年
517    @a江泽民、李鹏关怀唐山人民@AJiang Ze Min、Li Peng Guan Huai Tang Shan Ren Min
606 0  @a社会主义革命@x成就@x中国@y唐山
606 0  @a社会主义建设@x成就@x中国@y唐山
690    @aD619.223@v3
701  0 @a庄连顺@4主编
801    @aCN@bPftUser@c20040422
905    @dD619.223@e58@f1@b272520
    
    情注唐山:江泽民、李鹏关怀唐山人民/庄连顺等主编.-北京:光明日报出版社,1996.09
    60页:画册;26cm
    纪念唐山抗震20周年
    
    ISBN 7-80091-909-9:CNY48.00
    
●
相关链接 在E读中查询图书 在五车中查询图书 在当当中查询图书 在豆瓣中查询图书


正题名:情注唐山     索取号:D619.223/58         预约/预借

序号 登录号 条形码 馆藏地/架位号 状态 备注
1 0272519   001440346   密集书库/ [索取号:D619.223/58] 在馆    
2 0272520   000056511   第一样本阅览室/ [索取号:D619.223/58] 在馆    
唐山师范学院图书馆 欢迎您!
大连网信软件有限公司© 版权所有